000 00413nam a22001577a 4500
003 SGT
020 _a9789392544262
082 _a615.53
_bB24A
100 _aACHARYA, VAIDYA. RABINARAYAN
245 _aBOTANICAL BIODIVERSITY OF ETHNO- MEDICINAL VALUE
260 _aNEW DELHI
_bCCRAS
_c2024
300 _a343
650 _aAYURVEDA
653 _aBOTANICAL, BIODIVERSITY, ETHNO, MEDICINAL, VALUE
942 _2ddc
_cBK
999 _c34655
_d34655